Entry Personal Name
Number of records used in: 1
001 - CONTROL NUMBER
003 - CONTROL NUMBER IDENTIFIER
005 - DATE AND TIME OF LATEST TRANSACTION
- control field:
20170530114727.0
008 - FIXED-LENGTH DATA ELEMENTS
- fixed length control field:
170530|| aca||aabn | a|a d
040 ## - CATALOGING SOURCE
- Original cataloging agency:
OSt
- Transcribing agency:
OSt
100 ## - HEADING--PERSONAL NAME
- Personal name:
BALAKRISHNAN, V.K.
670 ## - SOURCE DATA FOUND
- Source citation:
Work cat.: (OSt): BALAKRISHNAN, V.K., SCHAUM'S OUTLINE OF THEORY AND PROBLEMS OF GRAPH THEORY, 1997